header

Improving schools and inspection (Record no. 93148)

MARC details
000 -LEADER
fixed length control field 01422nam a2200349Ia 4500
082 04 - DEWEY DECIMAL CLASSIFICATION NUMBER
Classification number 371.2/00941
245 00 - TITLE STATEMENT
Title Improving schools and inspection
260 ## - PUBLICATION, DISTRIBUTION, ETC. (IMPRINT)
Place of publication London :
Name of publisher P. Chapman ;
Place of publication Thousand Oaks, Calif. :
Name of publisher SAGE Publications,
Year of publication 2000.
300 ## - PHYSICAL DESCRIPTION
Number of Pages xvi, 172 p.
650 #0 - SUBJECT ADDED ENTRY--TOPICAL TERM
Topical Term School improvement programs
Topical Term School management and organization
700 1# - ADDED ENTRY--PERSONAL NAME
Personal name Ferguson, Neil,
856 40 - ELECTRONIC LOCATION AND ACCESS
Uniform Resource Identifier http://site.ebrary.com/lib/rucke/Doc?id=10567017

No items available.

© 2026 Rongo University
Contact us: librarian | system librarian | Rongo university